| 000 | 00646nam a22002057a 4500 | ||
|---|---|---|---|
| 005 | 20211014084925.0 | ||
| 008 | 150129b sp ||||| |||| 00| 0 spa d | ||
| 020 | _a9788441526594 | ||
| 050 | 0 | 4 |
_aTK5105 .5 _bB53 2009 |
| 100 | 1 | _aBlack, Uyless | |
| 245 | 1 | 0 |
_aManual imprescindible de redes _c/ Uyless Black ; tr. Vanesa Casanova Fernández. |
| 250 | _a1a ed. | ||
| 260 |
_aMadrid, España : _bAnaya, _cc2009 |
||
| 300 |
_a480 p. : _bil.; _c22 cm. |
||
| 490 | 0 | _aManual imprescindible | |
| 504 | _aIncluye índice | ||
| 650 | 7 |
_2lemb _aRedes de computadoras _xComputadores |
|
| 700 | 1 |
_aCasanova Fernández, Vanesa, _etr. |
|
| 942 |
_2lcc _cLIB |
||
| 999 |
_c87920 _d87920 |
||